Stimulácia a motivácia ako nástroje energetizácie zamestnancov bakalárska práca

Gespeichert in:
Bibliographische Detailangaben
1. Verfasser: Iľanovský, Tomáš
Format: Buch
Sprache:Englisch
Veröffentlicht: Bratislava STU FCHPT 2014
Online-Zugang:Im OPAC anzeigen
Tags: Tag hinzufügen
Keine Tags, Fügen Sie das erste Tag hinzu!

MARC

LEADER 00000nam a2200000 a 4500
005 20260127134007.0
008 141016 2014 000 0 eng d
035 |a vtls010628565 
039 9 |y 201410161209  |z mschk03 
040 |a STUSCHK1  |b slo  |c STUSCHK1  |e AACR2 
100 1 |a Iľanovský, Tomáš 
245 1 |a Stimulácia a motivácia ako nástroje energetizácie zamestnancov  |b bakalárska práca  |c Tomáš Iľanovský 
260 |a Bratislava  |b STU FCHPT  |c 2014 
300 |a 49 s.  |b il.  |c 30 cm 
500 |a Obhájené: 15.07.2014 
500 |a Štud. program: automatizácia, informatizácia a manažment v chémii a potravinárstve 
500 |a Štud. odbor: automatizácia, priemyselné inžinierstvo 
500 |a Školiace pracovisko: Odd. manažmentu chemických a potravinárskych technológií 
500 |a Evidenčné číslo: FCHPT-5415-74033 
910 |a SCHK95 
999 |c 1687  |d 1687